|
|
|
|
| LEADER |
01108nam a2200265 a 4500 |
| 001 |
00025186 |
| 008 |
120515s2010 enka 000 1 eng d |
| 020 |
|
|
|a 9780194247023
|
| 020 |
|
|
|a 9780194246668
|
| 040 |
|
|
|a BD-DhAAL
|c BD-DhAAL
|
| 082 |
0 |
0 |
|a 813.2
|2 22
|
| 100 |
1 |
|
|a Irving, Washington,
|d 1783-1859.
|
| 245 |
1 |
4 |
|a Rip Van Winkle and The legend of Sleepy Hollow /
|c Washingtom Irving ; text adaptation by Alan Hines ; illustrated by Thomas Sperling.
|
| 260 |
|
|
|a Oxford :
|b Oxford University Press,
|c 2010
|
| 300 |
|
|
|a 51 p. :
|b col. ill. ;
|c 21 cm.
|
| 490 |
0 |
|
|a Dominoes., Starter level
|
| 541 |
|
|
|e 00025186
|
| 650 |
|
0 |
|a Pirates
|v Fiction
|
| 650 |
|
0 |
|a Short stories.
|
| 651 |
|
0 |
|a Catskill Mountains Region (N.Y.)
|v Fiction.
|
| 700 |
1 |
|
|a Hines, Alan
|
| 700 |
1 |
|
|a Thomas Sperling.
|
| 852 |
1 |
|
|a Ayesha Abed Library
|c General shelf.
|
| 999 |
|
|
|c 12323
|d 12323
|
| 952 |
|
|
|0 0
|1 0
|2 ddc
|4 0
|6 813_200000000000000_IRV
|7 0
|9 20362
|a BRACUL
|b BRACUL
|c GEN
|d 2012-06-03
|e Paragon Enterprises Ltd.
|g 130.00
|l 4
|m 4
|o 813.2 IRV
|p 3010025186
|r 2024-06-26
|s 2024-06-26
|t 1
|w 2012-06-03
|y BK
|x Transferred from BIL to BRACUL on 06/06/22
|